000 08672cam a2201705 a 4500
999 _c56573
001 10266192
003 LIBRIS
005 20210315112020.0
008 061115s2007 sw |||||||||||000 0bswe|
020 _a9789185377725
_qinb.
035 _a(Bo)402725
035 _a(Mo)b1648256
040 _aLGEN
_dNB
_ea
041 _aswe
082 0 4 _a920.7
_222 (machine generated)
084 _aLz Bernadotte af Wisborg, Folke
_2kssb/8
084 _aLz Bernadotte af Wisborg, Folke
_2kssb/8
100 1 _aHadenius, Stig,
_d1931-2010.
_4aut
245 1 0 _aVem var Folke Bernadotte? /
_cStig Hadenius.
264 1 _aLund :
_bHistoriska media,
_c2007
264 3 _aUddevalla :
_bMediaprint
300 _a255 s.
_bill.
_c23 cm
500 _5Li
_aPliktex.
500 _5Mo
_asvenska
600 1 4 _aBernadotte, Folke,
_d1895-1948.
600 1 4 _aBernadotte, Folke,
_d1895-1948
650 4 _aBiografier
650 4 _aHistoria
650 4 _aAndra världskriget 1939-1945
650 4 _aPalestinafrågan
650 4 _aSverige
650 4 _aBiographies
650 4 _aHistory
650 4 _aSweden
650 4 _aWorld War II
650 4 _aArab-Israeli conflict
653 _aBernadotte af Wisborg, Folke
653 _aGenealogi
653 _aSläktforskning
887 _a{"@id":"2kccql8d1qzhs6v","modified":"2019-06-12T17:11:28.311+02:00","checksum":"84818753074"}
_2librisxl
887 _a{"@id":"jnvrxrsp1db087k","modified":"2007-05-28T12:31:02+02:00","checksum":"126051304371"}
_2librisxl
887 _a{"@id":"9fmjqtdg4qd6s10","modified":"2008-01-29T10:52:52+01:00","checksum":"141009573270"}
_2librisxl
887 _a{"@id":"fkrnv5ql15fzb4c","modified":"2007-06-14T12:41:57+02:00","checksum":"125061574231"}
_2librisxl
887 _a{"@id":"9fnkb2mg1csz0hh","modified":"2016-01-25T13:20:26+01:00","checksum":"151287759373"}
_2librisxl
887 _a{"@id":"rw3q6ftx1lx1k6k","modified":"2014-04-01T13:35:34+02:00","checksum":"105904849822"}
_2librisxl
887 _a{"@id":"ns0c9b8t2v8j2ff","modified":"2016-06-20T10:00:01+02:00","checksum":"121155209386"}
_2librisxl
887 _a{"@id":"tz5q18r01zxf3t7","modified":"2013-11-06T08:33:49+01:00","checksum":"163175430762"}
_2librisxl
887 _a{"@id":"x28599534r4z59x","modified":"2007-05-16T12:36:23+02:00","checksum":"145032810710"}
_2librisxl
887 _a{"@id":"x285csc327wxg52","modified":"2007-06-15T14:07:49+02:00","checksum":"131741133842"}
_2librisxl
887 _a{"@id":"djqpvdjk00xzsd2","modified":"2008-08-25T10:28:58+02:00","checksum":"149008523707"}
_2librisxl
887 _a{"@id":"lqxt0p1r2779xwb","modified":"2017-02-07T15:46:10+01:00","checksum":"112826657586"}
_2librisxl
887 _a{"@id":"59hcx0sb40vgs1l","modified":"2016-03-07T10:01:06+01:00","checksum":"118032766187"}
_2librisxl
887 _a{"@id":"15c8lmd61gbgxp3","modified":"2020-02-26T14:10:44.663+01:00","checksum":"135697761163"}
_2librisxl
887 _a{"@id":"v063dkj12gfgg1b","modified":"2007-08-06T09:11:19+02:00","checksum":"87052310250"}
_2librisxl
887 _a{"@id":"w75n6jhbtn15zlvd","modified":"2020-02-24T13:23:15.494+01:00","checksum":"78864955651"}
_2librisxl
887 _a{"@id":"ns0w0m6t1fl0p95","modified":"2014-12-08T15:13:43+01:00","checksum":"96819597282"}
_2librisxl
887 _a{"@id":"glsplfhm49bstw1","modified":"2007-11-30T13:42:24+01:00","checksum":"131951843398"}
_2librisxl
887 _a{"@id":"jnvsrlrp19gp9m3","modified":"2009-12-17T11:41:45+01:00","checksum":"125829832329"}
_2librisxl
887 _a{"@id":"48gcmpm91t7rx7g","modified":"2009-12-16T17:13:13+01:00","checksum":"153269800575"}
_2librisxl
887 _a{"@id":"26f7rwh72gqxl05","modified":"2015-06-22T10:55:02+02:00","checksum":"159230672755"}
_2librisxl
887 _a{"@id":"rw33hddx2h7lxzh","modified":"2009-02-23T10:29:55+01:00","checksum":"115273547592"}
_2librisxl
887 _a{"@id":"sx41dq3z17prcb2","modified":"2012-03-07T14:20:40+01:00","checksum":"104117592039"}
_2librisxl
887 _a{"@id":"rw309h5x2524kp5","modified":"2007-08-06T12:51:32+02:00","checksum":"131779160657"}
_2librisxl
887 _a{"@id":"26d9jj573mkglps","modified":"2007-06-26T09:10:34+02:00","checksum":"84330557212"}
_2librisxl
887 _a{"@id":"48gcg2d92zrrl04","modified":"2021-03-08T10:45:00.198+01:00","checksum":"105153652240"}
_2librisxl
887 _a{"@id":"tz52xm805gttq1j","modified":"2007-11-16T15:45:29+01:00","checksum":"97834098628"}
_2librisxl
887 _a{"@id":"fkrmj66l087htwr","modified":"2007-04-23T16:18:22+02:00","checksum":"156776593566"}
_2librisxl
887 _a{"@id":"kpwtz50q2shbct7","modified":"2008-02-18T11:14:25+01:00","checksum":"118463039222"}
_2librisxl
887 _a{"@id":"qv2z4glw2r87b29","modified":"2007-06-01T14:36:59+02:00","checksum":"118902562856"}
_2librisxl
887 _a{"@id":"sx41c3cz1lf5pkb","modified":"2007-08-13T16:19:10+02:00","checksum":"150701787362"}
_2librisxl
887 _a{"@id":"9fmjx5ng11pg19j","modified":"2007-09-13T11:47:23+02:00","checksum":"160547702473"}
_2librisxl
887 _a{"@id":"v0637rm1512wtk1","modified":"2007-05-24T10:49:22+02:00","checksum":"160396161718"}
_2librisxl
887 _a{"@id":"fkrvmmql1xq48dn","modified":"2013-07-31T10:48:01+02:00","checksum":"132637210356"}
_2librisxl
887 _a{"@id":"pt1x50gv4pwtffn","modified":"2007-06-21T13:29:09+02:00","checksum":"110741743730"}
_2librisxl
942 _2z
_cBOOK